| 000 | 01299cam a2200313 a 4500 | ||
|---|---|---|---|
| 999 |
_c332413 _d332413 |
||
| 001 | 4943133 | ||
| 003 | NUST | ||
| 005 | 20171204103220.0 | ||
| 008 | 960408s1997 flua b 001 0 eng | ||
| 010 | _a 96011372 | ||
| 020 | _a0873714733 (alk. paper) | ||
| 040 |
_aDLC _cDLC _dDLC |
||
| 050 | 0 | 0 |
_aS592.6.H43 _bS45 1997 |
| 082 | 0 | 0 |
_a628.55 SEL _220 |
| 100 | 1 |
_aSelim, H. Magdi _q(Hussein Magdi), _d1944- _96906 |
|
| 245 | 1 | 0 |
_aReactivity and transport of heavy metals in soils / _cH. Madgi Selim, Michael C. Amacher. |
| 260 |
_aBoca Raton : _bCRC/Lewis Publishers, _cc1997. |
||
| 300 |
_a201 p. : _bill. ; _c25 cm. |
||
| 500 | _aH.B | ||
| 504 | _aIncludes bibliographical references (p. 183-195) and index. | ||
| 650 | 0 |
_aSoils _xHeavy metal content. _96907 |
|
| 650 | 0 |
_aHeavy metals _xEnvironmental aspects. _93026 |
|
| 650 | 0 |
_aSoils _xSolute movement. _96908 |
|
| 700 | 1 |
_aAmacher, Michael C. _96909 |
|
| 856 | 4 | 2 |
_3Publisher description _uhttp://www.loc.gov/catdir/enhancements/fy0744/96011372-d.html |
| 906 |
_a7 _bcbc _corignew _d1 _eocip _f19 _gy-gencatlg |
||
| 942 |
_2ddc _cBK _kIESE |
||